Key managerial and financial accounting skills for private club managers : (Record no. 21127)
[ view plain ]
| 000 -LEADER | |
|---|---|
| fixed length control field | 01018nam a22002297a 4500 |
| 003 - CONTROL NUMBER IDENTIFIER | |
| control field | OSt |
| 005 - DATE AND TIME OF LATEST TRANSACTION | |
| control field | 20250924193154.0 |
| 008 - FIXED-LENGTH DATA ELEMENTS--GENERAL INFORMATION | |
| fixed length control field | 240830b ||||| |||| 00| 0 eng d |
| 040 ## - CATALOGING SOURCE | |
| Transcribing agency | 0 |
| 082 ## - DEWEY DECIMAL CLASSIFICATION NUMBER | |
| Classification number | DPer 647.94068 In821 January-December 2019 v. 20 n. 1-4 |
| 100 ## - MAIN ENTRY--PERSONAL NAME | |
| Personal name | Kim, MiRan. |
| Relator term | author. |
| 9 (RLIN) | 59630 |
| 245 ## - TITLE STATEMENT | |
| Title | Key managerial and financial accounting skills for private club managers : |
| Remainder of title | comparison to lodging managers / |
| Statement of responsibility, etc. | MiRan Kim and Raymond S. Schmidgall. |
| 260 ## - PUBLICATION, DISTRIBUTION, ETC. (IMPRINT) | |
| Place of publication, distribution, etc. | United Kingdom ; |
| Name of publisher, distributor, etc. | Taylor & Francis Group , |
| Date of publication, distribution, etc. | October-December 2019. |
| 300 ## - PHYSICAL DESCRIPTION | |
| Extent | Volume 23, pages 379-399 : |
| Other physical details | illustration ; |
| Dimensions | 25 cm. |
| 500 ## - GENERAL NOTE | |
| General note | International Journal of Hospitality & Tourism Administration, vol. 20, no. 4, pages 379-399, October-December 2019. |
| 650 #0 - SUBJECT ADDED ENTRY--TOPICAL TERM | |
| Topical term or geographic name as entry element | Financial and managerial accounting skills. |
| 9 (RLIN) | 64791 |
| 650 #0 - SUBJECT ADDED ENTRY--TOPICAL TERM | |
| Topical term or geographic name as entry element | Hospitality education. |
| 9 (RLIN) | 64792 |
| 650 #0 - SUBJECT ADDED ENTRY--TOPICAL TERM | |
| Topical term or geographic name as entry element | Private club industry. |
| 9 (RLIN) | 64793 |
| 700 ## - ADDED ENTRY--PERSONAL NAME | |
| Personal name | Kim, MiRan. |
| Relator term | author. |
| 9 (RLIN) | 59630 |
| 700 ## - ADDED ENTRY--PERSONAL NAME | |
| Personal name | Schmidgall, Raymond S. |
| Relator term | author. |
| 9 (RLIN) | 59632 |
| 942 ## - ADDED ENTRY ELEMENTS (KOHA) | |
| Source of classification or shelving scheme | Dewey Decimal Classification |
| Koha item type | Periodicals |
| Withdrawn status | Lost status | Source of classification or shelving scheme | Damaged status | Not for loan | Collection code | Home library | Current library | Date acquired | Total Checkouts | Full call number | Date last seen | Price effective from | Koha item type | Public note |
|---|---|---|---|---|---|---|---|---|---|---|---|---|---|---|
| Dewey Decimal Classification | Periodicals | UM Digos College - LIC | UM Digos College - LIC | 08/30/2024 | DPer 647.94068 In821 January-December 2019 v. 20 n. 1-4 | 08/30/2024 | 08/30/2024 | Periodicals | Periodical Article |
